La Visita de Zoellick a C.A.
Salvato in:
| Natura: | testo |
|---|---|
| Tags: |
Aggiungi Tag
Nessun Tag, puoi essere il primo ad aggiungerne!!
|
MARC
| LEADER | 00000 a a2200000 04500 | ||
|---|---|---|---|
| 001 | 6695 | ||
| 003 | |||
| 040 | |||
| 245 | |a La Visita de Zoellick a C.A. | ||
| 773 | |g volumen 24, número 1067; páginas 11-12 | ||
| 999 | |c 40044 |d 40044 | ||
